Christian Artists - Sudden Death (Hard Version) - Statistics

General Stats
  • This quiz has been taken 256 times
  • The average score is 9 of 45
Answers on the Grid
Answers color-coded by a green-red scale on the quiz's grid according to % correct below.
"Weird Al" Yankovic
Aaron Cole
Alex Warren
Amy Grant
Anne Wilson
Ashley Tisdale
Benson Boone
Big Daddy Weave
Braid Paisley
Brandon Lake
Building 429
Caleb Gordon
Carly Rae Jepsen
Carrie Underwood
Casting Crowns
Cece Winans
Chris Tomlin
Christina Perri
Common
Connor Price
Crowder
Danny Gokey
David Kushner
Dolly Parton
Drake
Elevation Worship
Em Beihold
Eminem
Evanescence
Five for Fighting
for KING & COUNTRY
Forrest Frank
Gable Price and Friends
Hulvey
Ice Spice
Imagine Dragons
Jason Mraz
Jelly Roll
Jeremy Camp
John Michael Howell
Jon Bellion
Jonas Brothers
Joshua Bassett
Josiah Queen
Julia Michaels
Justin Bieber
JVKE
Kanye West
Kate Hudson
Katy Nichole
KB
Kelly Clarkson
Kirk Franklin
Lauren Daigle
Lecrae
Lewis Capaldi
Lifehouse
Linkin Park
Livingston
Mandy Moore
Matthew West
Maverick City Music
MC Hammer
Micah Tyler
Michael Buble
Michael W. Smith
Mumford and Sons
Natalie Grant
NEEDTOBREATHE
NF
Nic D
Nick Jonas
Noah Kahan
nobigdyl
Owl City
Petra
Phil Wickham
Rich Mullins
Shawn Mendes
Skillet
Sofia Carson
Stephen Sanchez
Steven Curtis Chapman
Stryper
Surfaces
SVRCINA
Switchfoot
Tasha Cobbs Leonard
Tauren Wells
Tedashii
Tenth Avenue North
The Calling
The Fray
The Goo Goo Dolls
The Killers
Third Day
TobyMac
Twenty One Pilots
We the Kingdom
Zach Williams
 
Answer Stats
Answer % Correct
Brandon Lake
45%
The official worship team for Elevation Church Elevation Worship
41%
Joel and Luke are brothers and their sister, Rebecca St. James, is also a Christian singer. for KING & COUNTRY
41%
Casting Crowns
39%
Chris Tomlin
39%
Originally David Crowder Band Crowder
31%
Formally a part of the band DC Talk in the '90s. TobyMac
30%
Big Daddy Weave
29%
Cece Winans
29%
Formally a part of the secular band Surfaces Forrest Frank
29%
Jeremy Camp
27%
Josiah Queen
26%
Michael W. Smith
26%
Lauren Daigle
25%
Matthew donated $5000 dollars to Ryan Trahan's St. Jude's fundraiser in 2025. Matthew West
25%
Anne Wilson
24%
Danny Gokey
23%
Phil Wickham
23%
Maverick City Music
22%
NEEDTOBREATHE was originally NOT a Christian band but has since become one. NEEDTOBREATHE
22%
Mac Powell (the lead singer) is a solo artist now but primarily still does Christian music. Third Day
21%
Aaron Cole
20%
Lecrae
20%
Building 429
19%
Kirk Franklin
17%
Tauren has recently become the pastor of his own church in Texas. Tauren Wells
17%
We the Kingdom
17%
Zach Williams
17%
KB
16%
Natalie Grant
14%
Some do not consider them a Christian band but they do Skillet
14%
Tenth Avenue North
14%
Steven Curtis Chapman
13%
Up and coming Christian rapper Caleb Gordon
12%
Hulvey
11%
Micah Tyler auditioned to be on The Biggest Loser Micah Tyler
11%
Katy Nichole
9%
Original writer and performer of the classic Christian worship song "Awesome God" Rich Mullins
9%
Petra
8%
Tasha Cobbs Leonard
8%
Stryper
7%
nobigdyl
6%
An up and coming Christian bands. Said to be the Imagine Dragons of Christian music. Gable Price and Friends
5%
SVRCINA
5%
Tedashii
5%
No matching quizzes found
Score Distribution
Percent of People with Each Score
Percentile by Number Answered
Your Score History
You have not taken this quiz